00477nam a2200145Ia 4500008004100000041000800041082001600049100001200065245004500077260002600122300003200148365001100180999001700191952012300208240624s9999 xx 000 0 und d aeng a658.812 KUM aKUMAR V aPROFITABLE CUSTOMER ENGAGEMENT CONCEPT M c2013aNew DelhibSage axxii, : 311 : p. : cm. ; 23 cRSb40 c23009d23009 00104070aIMTNbIMTNcRack 37-Ad2014-09-25eIBHg795.00o658.812 KUMp23009r2024-06-24 00:00:00t1w2024-06-24yBK